All the youg dudes (gryffindors) - Statistics

General Stats
  • This quiz has been taken 23 times
  • The average score is 36 of 72
Answer Stats
answer Hint % Correct
James Fleamont Potter
James' full name
100%
Prongs James' nickname
100%
andromeda black Sirius' favorite cousin
80%
black dog Sirius' animagus form
80%
Euphemia Potter James' mother
80%
Fleamont Potter James' father
80%
gryffindor James' hogwarts house
80%
lily evans James' love interest
80%
narcissa black Sirius' younger cousin
80%
padfoot Sirius' nickname
80%
regulus black Sirius' brother
80%
Sirius orion black Sirius' full name
80%
stag James' animagus form
80%
bellatrix black Sirius' older cousin
73%
orion black Sirius' father
73%
pure blood James' blood statut
73%
beater Sirius' quidditch position
67%
gryffindor Sirius' hogwarts house
67%
gryffindor Remus' hogwarts house
67%
gryffindor Peter's hogwarts house
67%
gryffindor Lily's hogwarts house
67%
gryffindor Mary's hogwarts house
67%
marlene mckinnon Marlene's full name
67%
moony Remus' nickname
67%
peter pettigrew Peter's full name
67%
rat Peter's animagus form
67%
remus john lupin Remus' full name
67%
remus lupin Sirius' love interest
67%
sirius black Remus' love interest
67%
alphard black Sirius' favorite uncle
60%
chaser James' quidditch position
60%
grant chapman Remus' muggle boyfriend
60%
gryffindor Marlene's hogwarts house
60%
half blood Remus' blood statut
60%
james potter Lily's love interest
60%
lily evans Lily's full name
60%
Mary mcdonald Mary's full name
60%
muggle born Lily's blood statut
60%
petunia evans Lily's sister
60%
pure blood Sirius' blood statut
60%
pure blood Peter's blood statut
60%
walburga black Sirius' mother
60%
beater Marlene's quidditch position
53%
lyall lupin Remus' father
53%
pure blood Marlene's blood statut
53%
sirius black Mary's second boyfriend
53%
werewolf Remus' illiness
53%
wormtail Peter's nickame
53%
muggle born Mary's blood satut
47%
doe Lily's patronus
40%
dorcas meadowes Peter's last love interest
40%
cygnus black Sirius' last favorite uncle
33%
daniel mckinnon Marlene's brother
27%
hope jenkins Remus' mother
27%
druella black Sirius' aunt
20%
philomena pettigrew Peter's sister
20%
october 31th 1981 James' date of death
13%
Darren Mary's first boyfriend and husband
7%
desdemona lewis Peter's first love interest
7%
march 10th 1960 Remus' date of birth
7%
march 27th 1960 James' date of birth
7%
may 2nd 1998 Remus' date of death
7%
november 3rd 1959 Sirius' date of birth
7%
october 31th 1981 Lily's date of death
7%
Yasmin Patel Marlene's love interest
7%
1960 Peter's date of birth
0%
1960 Mary's date of birth
0%
1960 Marlene's date of birth
0%
january 30th 1960 Lily's date of birth
0%
july 1981 Marlene's date of death
0%
june 18th 1996 Sirius' date of death
0%
march 1998 Peter's date of death
0%
No matching quizzes found
Score Distribution
Percent of People with Each Score
Percentile by Number Answered
Your Score History
You have not taken this quiz